| 000 | 00623nam a2200217Ia 4500 | ||
|---|---|---|---|
| 005 | 20260704175957.0 | ||
| 008 | 260704s9999||||xx |||||||||||||| ||und|| | ||
| 020 |
_a9781847942104 _qpbk |
||
| 082 |
_a153.42 _bSAC |
||
| 100 | _aSachs, Jonah | ||
| 245 | 0 | _aUnsafe thinking : how to be nimble and bold when you need it most | |
| 260 |
_aLondon _bRandom House Business Books _c2018 |
||
| 300 | _axxv, 223p. ; 23cm. | ||
| 653 | _aCreative thinking | ||
| 653 | _aDecision making | ||
| 653 | _aDecision making | ||
| 653 | _aInnovation | ||
| 653 | _aOrganizational change | ||
| 653 | _aSuccess in business | ||
| 942 | _cBK | ||
| 999 |
_c57340 _d57340 |
||